LEADER 01877cam0-22006491i-450- 001 990001499490403321 005 20080408132108.0 010 $a88-470-0149-8 035 $a000149949 035 $aFED01000149949 035 $a(Aleph)000149949FED01 035 $a000149949 100 $a20030108d2002----km-y0itay50------ba 101 0 $aita 102 $aIT 105 $aa---a---001yy 200 1 $aIntroduzione al calcolo scientifico$eesercizi e problemi risolti con Matlab$fA. Quarteroni, F. Saleri 210 $aMilano$cSpringer$dc2002 215 $aix, 232 p.$cill.$d24 cm 225 1 $aUnitext 610 0 $aCalcolo scientifico 610 0 $aLinguaggi di programmazione 610 0 $aScienze elaborazione dati 610 0 $aMatlab$aEsercizi 610 0 $aCalcolo numerico$aProgrammi per microelaboratori 610 0 $aMicroelaboratori elettronici$aProgrammi MATLAB 676 $a005.133 676 $a502.85$v21 676 $a519.402 855 369 700 1$aQuarteroni,$bAlfio$f<1952- >$08375 701 1$aSaleri,$bFausto$022728 801 0$aIT$bUNINA$gRICA$2UNIMARC 901 $aBK 912 $a990001499490403321 952 $aVII-C-165$fMAS 952 $aD-65-QUI-02$b19446$fMA1 952 $aD-65-QUI-01$b19244$fMA1 952 $aD-65-QUI-03$b19447$fMA1 952 $aD-65-QUI-04$b19448$fMA1 952 $a10 B II 745$bDIEL 3039$fDINEL 952 $a123-F-11$b20041$fMA1 952 $a02 49 C 58$b7908$fFINBN 952 $a02 49 C 57$b7907$fFINBN 952 $a13 62 27$b12859$fFINBC 952 $a00 L2687$b5416$fDETEC 952 $a00 L2685$b5423$fDETEC 959 $aMAS 959 $aMA1 959 $aDINEL 959 $aDETEC 959 $aFINBC 959 $aFINBN 962 $a65-01 962 $a68-01 962 $a68-XX 996 $aIntroduzione al calcolo scientifico$9103992 997 $aUNINA LEADER 01199nam--2200373---450- 001 990001219130203316 005 20050915115250.0 035 $a000121913 035 $aUSA01000121913 035 $a(ALEPH)000121913USA01 035 $a000121913 100 $a20031024d1957----km-y0itay0103----ba 101 0 $afre 102 $aFR 105 $a||||||||001yy 200 1 $a<> repetition ou l'amour puni$eavec une notice biographique, une notice historique et litteraire des notes explicatives des jugements un questionnaire et des sujets de dovoirs par Georges Lerminier$fJean Anouilh 210 $aParis$cLarousse$d1957 215 $a137 p.$d17 cm 410 0$12001 410 $12001 454 1$12001 461 1$1001-------$12001 700 1$aANOUILH,$bJean$0196483 702 1$aLERMINIER,$bGeorges 801 0$aIT$bsalbc$gISBD 912 $a990001219130203316 951 $aVI.4. Coll.18/ 70(II f D 1 324/158)$b1485 L.M.$cII f 959 $aBK 969 $aUMA 979 $aSIAV1$b10$c20031024$lUSA01$h1419 979 $aPATRY$b90$c20040406$lUSA01$h1727 979 $aCOPAT5$b90$c20050915$lUSA01$h1152 996 $aRépétition, ou L'amour puni$9291031 997 $aUNISA